| 000 | 00571nam a22001815a 4500 | ||
|---|---|---|---|
| 003 | OSt | ||
| 005 | 20170923104859.0 | ||
| 008 | 110123s1977 fr fr 000 0 ara d | ||
| 040 |
_aEG-ScBUE _bara _cEG-ScBUE |
||
| 082 | 0 | 4 |
_a149.7 _bق ص ي _222 |
| 100 | 1 | _aقصيمي، عبد الله. | |
| 245 | 1 | 2 |
_aالعرب ظاهرة صوتية / _cعبد الله القصيمي. |
| 260 |
_a[د. م. : _bد. ن.]، _c1977. _e(باريس : _fمطابع شركة مونمارتر) |
||
| 300 |
_a799 ص ؛ _c24 سم. |
||
| 651 | _2BUEsh | ||
| 653 |
_bGGEN _cSeptember2017 |
||
| 942 | _2ddc | ||
| 999 |
_c6619 _d6619 |
||